| 000 | 00517cam a22001691 4500 | ||
|---|---|---|---|
| 082 |
_a624.151 _bLEG _cL-15, P-9 |
||
| 100 | 1 |
_aLegget, Robert Ferguson. _942763 |
|
| 245 | 1 | 0 |
_aGeology and engineering. _cWith a foreword by P. G. H. Boswell. |
| 250 | _a2d ed. | ||
| 260 |
_aNew York, _bMcGraw-Hill, _c1962. |
||
| 300 |
_a884 p. _billus. _c24 cm. |
||
| 526 |
_a0 _b0 _c0 _d624_151000000000000_LEG |
||
| 526 |
_a0 _b0 _c0 _d624_151000000000000_LEG |
||
| 650 | 0 | _aEngineering geology. | |
| 650 | 0 |
_aMCE _9379 |
|
| 942 |
_2ddc _cBK |
||
| 999 |
_c546606 _d546606 |
||